01325nab a22002417a 4500003000400000005001700004008004100021040000700062100002300069245016200092300001300254505041100267505007200678650002300750650005200773650002700825650001900852650002900871700002700900700002700927700003200954773009700986OSt20260108014718.0190514b xxu||||| |||| 00| 0 spa d cPJ aBarabasqui, Paula 10aDerecho a la intimidad de niños, niñas y adolescentes en la era de las redes sociales /cPaula Barabasqui, Daniela Fico, David Hacker, Natalia Kerszberg. ap. 73-78 aSumario: I. Introducción.— II. Marco normativo.— III. Derechos en juego. La exposición de los niños en redes sociales como violación a su privacidad. — IV. Derechos y deberes derivados de la responsabilidad parental.— V. Autonomía progresiva y ejercicio de derechos. Cuando son los propios niños y adolescentes quienes acceden a las redes sociales.— VI. Una decisión bien enmarcada. tSi te interesa el texto, comunicate a koha@justierradelfuego.gov.ar 0aDERECHO DE FAMILIA 0aDERECHOS DE LAS NIÑAS, NIÑOS Y ADOLESCENTES 0aDERECHO A LA INTIMIDAD 0aREDES SOCIALES 0aRESPONSABILIDAD PARENTAL aFico, Danielaecoautor aHacker, Davidecoautor aKerszberg, Nataliaecoautor0 02844dBuenos Aires : AbeledoPerrot, 1989-tDerecho de familia. N° 119 - Mayo 2025z18511201